[Event "ODEM U25B 2013"]
[Site "Oberhof GER"]
[Date "2013.05.20"]
[Round "3"]
[White "Schluckner, Paul-Leopold"]
[Black "Hacklinger, Leon"]
[Result "1-0"]
[Termination "normal"]
[Board "25"]
[WhiteElo "1259"]
[BlackElo "1008"]
[PlyCount "55"]
[WhiteFideId "12952168"]
[BlackFideId "16205111"]
[EventCountry "GER"]
[EventRounds "9"]
[EventType "swiss"]
[EventDate "2013.05.18"]

1. e4 e6 2. d4 d5 3. e5 c5 4. Nf3 Nc6 5. Bb5 Qb6 6. Bxc6+ bxc6 7. O-O f6 8. b3
Be7 9. Be3 Ba6 10. Re1 c4 11. c3 Bb5 12. b4 a5 13. bxa5 Qxa5 14. Qd2 Ba3 15.
Nxa3 Qxa3 16. Reb1 fxe5 17. Nxe5 Nf6 18. Qb2 Qxb2 19. Rxb2 O-O 20. f3 Rad8 21.
a4 Ra8 22. Rba2 Ba6 23. Nxc6 Rfe8 24. Ne5 Reb8 25. Bd2 Ra7 26. Nc6 Rbb7 27.
Nxa7 Rxa7 28. Rb2 1-0

[Event "ODEM U25B 2013"]
[Site "Oberhof GER"]
[Date "2013.05.20"]
[Round "3"]
[White "Zimmer, Luca"]
[Black "Kovac, Linda"]
[Result "0-1"]
[Termination "normal"]
[Board "26"]
[WhiteElo "1049"]
[BlackElo "1250"]
[PlyCount "96"]
[WhiteFideId "12921424"]
[BlackFideId "12938815"]
[EventCountry "GER"]
[EventRounds "9"]
[EventType "swiss"]
[EventDate "2013.05.18"]

1. e4 c5 2. Nc3 g6 3. f4 Bg7 4. Nf3 Nc6 5. Bb5 e6 6. d3 Nge7 7. O-O O-O 8. Qe1
d5 9. Bxc6 bxc6 10. Qh4 Qc7 11. f5 exf5 12. Bh6 fxe4 13. Bxg7 Kxg7 14. Ng5 h6
15. Nh3 Nf5 16. Qf2 e3 17. Qf3 Qe5 18. Rae1 Nd4 19. Qxe3 Qxe3+ 20. Rxe3 Nxc2
21. Re5 Nb4 22. Nf2 Ba6 23. Rd1 Rfe8 24. Re2 Rxe2 25. Nxe2 Nxa2 26. g4 Rb8 27.
Rb1 Rb3 28. d4 Bxe2 29. dxc5 d4 30. h3 Rb5 31. Ne4 Nc3 32. Nxc3 dxc3 33. b4 a5
34. Kf2 c2 35. Rc1 Bd1 36. Ke1 Rxb4 37. Kd2 Rb1 38. Rxc2 Bxc2 39. Kxc2 Rb5 40.
Kc3 a4 41. Kd4 a3 42. Ke5 Rxc5+ 43. Kd6 Rc1 44. Kc7 a2 45. g5 a1=Q 46. gxh6+
Kxh6 47. h4 Qe5+ 48. Kb6 Rb1+ 0-1

[Event "ODEM U25B 2013"]
[Site "Oberhof GER"]
[Date "2013.05.20"]
[Round "3"]
[White "Wagner, Swenja"]
[Black "Arnold, Alexandria"]
[Result "1-0"]
[Termination "normal"]
[Board "27"]
[WhiteElo "1248"]
[BlackElo "999"]
[PlyCount "71"]
[WhiteFideId "12900494"]
[BlackFideId "16205383"]
[EventCountry "GER"]
[EventRounds "9"]
[EventType "swiss"]
[EventDate "2013.05.18"]

1. e4 e5 2. Nc3 Nc6 3. Bc4 Bc5 4. d3 Nf6 5. f4 exf4 6. Bxf4 d6 7. Nf3 Bg4 8. h3
Be6 9. Bb3 Qd7 10. d4 Bb4 11. d5 Nxe4 12. dxe6 fxe6 13. Qd3 Nc5 14. Qe2 O-O-O
15. O-O-O Qe7 16. Bg5 Qf7 17. Bxd8 Qf4+ 18. Kb1 Rxd8 19. Bxe6+ Kb8 20. Bc4 Bxc3
21. bxc3 Ne4 22. Qe1 Ne5 23. Nxe5 Qxe5 24. Kb2 Re8 25. Rf1 a6 26. Bd3 Ng3 27.
Qxe5 Rxe5 28. Rfe1 Rxe1 29. Rxe1 h6 30. Bg6 Kc8 31. Re7 Nf1 32. Rxg7 Ne3 33. g4
Nc4+ 34. Kc1 Ne3 35. Bf5+ Kb8 36. Rh7 1-0

[Event "ODEM U25B 2013"]
[Site "Oberhof GER"]
[Date "2013.05.20"]
[Round "3"]
[White "Kalina, Joshua"]
[Black "Eggert, Daniela"]
[Result "0-1"]
[Termination "normal"]
[Board "28"]
[WhiteElo "1021"]
[BlackElo "1241"]
[PlyCount "172"]
[BlackFideId "12991490"]
[EventCountry "GER"]
[EventRounds "9"]
[EventType "swiss"]
[EventDate "2013.05.18"]

1. e4 e5 2. Nf3 Nc6 3. d4 exd4 4. Nxd4 Nge7 5. Bc4 g6 6. Nc3 Bg7 7. Be3 O-O 8.
Qd2 d6 9. O-O-O Nxd4 10. Bxd4 Bxd4 11. Qxd4 Nc6 12. Qe3 Qf6 13. Nd5 Qd8 14. h4
Ne5 15. Be2 Be6 16. f4 Ng4 17. Bxg4 Bxg4 18. Rdf1 c6 19. Nc3 Re8 20. Qg3 f5 21.
exf5 Bxf5 22. h5 Qf6 23. hxg6 Qxg6 24. Qxg6+ Bxg6 25. g4 Be4 26. Rh2 Re7 27. f5
Rf8 28. Re1 d5 29. Rf2 Re5 30. f6 Kf7 31. Ref1 Rg5 32. Rf4 Ke6 33. Nxe4 dxe4
34. Rxe4+ Re5 35. Ref4 Kf7 36. Kd2 Rd8+ 37. Kc3 Rc5+ 38. Kb4 Rxc2 39. Kb3 Rg2
40. Rh1 Kg6 41. f7 Rf8 42. Re1 Rxf7 43. Rxf7 Kxf7 44. Rd1 Rg3+ 45. Kc4 Rxg4+
46. Kc3 Ke6 47. Rh1 Rg7 48. Rh5 Kf6 49. Kc4 Kg6 50. Rh2 b6 51. b4 Rc7 52. a3 a6
53. Rg2+ Kf5 54. Rf2+ Ke4 55. Re2+ Kf3 56. Re6 Kg4 57. Rh6 Kg5 58. Rh3 h5 59.
a4 Rf7 60. b5 Rf4+ 61. Kb3 axb5 62. axb5 c5 63. Re3 Rb4+ 64. Kc3 Rxb5 65. Re5+
Kg4 66. Re4+ Kf5 67. Re1 c4 68. Rh1 Ke6 69. Kxc4 Rg5 70. Re1+ Re5 71. Rb1 b5+
72. Kd4 Kf6 73. Rf1+ Rf5 74. Rb1 b4 75. Kc4 h4 76. Kxb4 h3 77. Kc3 Kg5 78. Rg1+
Kf4 79. Kd2 Rg5 80. Rf1+ Kg4 81. Ke2 h2 82. Kf2 Kh3 83. Rh1 Rg3 84. Rf1 Rg2+
85. Kf3 Rg1 86. Kf2 Rxf1+ 0-1

[Event "ODEM U25B 2013"]
[Site "Oberhof GER"]
[Date "2013.05.20"]
[Round "3"]
[White "Stockter, Jasper Enno"]
[Black "Graf, Lennard"]
[Result "1-0"]
[Termination "normal"]
[Board "29"]
[WhiteElo "1239"]
[BlackElo "979"]
[PlyCount "47"]
[WhiteFideId "12957291"]
[EventCountry "GER"]
[EventRounds "9"]
[EventType "swiss"]
[EventDate "2013.05.18"]

1. e4 c5 2. Nf3 a6 3. d4 cxd4 4. Nxd4 Nf6 5. Nc3 e5 6. Nf3 Bb4 7. Qd3 Nc6 8.
Bg5 d6 9. Be2 Bg4 10. O-O O-O 11. Nd5 Bc5 12. Nxf6+ gxf6 13. Bh6 Re8 14. Nd2
Bxe2 15. Qxe2 Kh8 16. Qh5 Qe7 17. Nf3 Nd4 18. Nh4 Nxc2 19. Nf5 Qd7 20. Bg7+ Kg8
21. Bxf6 Re6 22. Qg4+ Kf8 23. Qg7+ Ke8 24. Qg8# 1-0

[Event "ODEM U25B 2013"]
[Site "Oberhof GER"]
[Date "2013.05.20"]
[Round "3"]
[White "Eichstaedt, Ina"]
[Black "Zimmer, Claudius"]
[Result "1/2-1/2"]
[Termination "normal"]
[Board "30"]
[WhiteElo "1224"]
[BlackElo "914"]
[PlyCount "85"]
[WhiteFideId "1270265"]
[EventCountry "GER"]
[EventRounds "9"]
[EventType "swiss"]
[EventDate "2013.05.18"]

1. e4 e5 2. Nf3 Nc6 3. Nc3 Nf6 4. Bb5 d6 5. d3 Bd7 6. Be3 a6 7. Bc4 Be6 8. Bb3
d5 9. exd5 Nxd5 10. Bd2 Bb4 11. O-O Nxc3 12. Bxc3 Bxc3 13. bxc3 Bg4 14. Re1 O-O
15. h3 Bh5 16. g4 Bg6 17. Nxe5 Nxe5 18. Rxe5 Qf6 19. Qe2 Qh4 20. Qf3 Kh8 21.
Rae1 f6 22. R5e3 c6 23. a4 h5 24. Qg3 Qxg3+ 25. Rxg3 h4 26. Rge3 Bf7 27. Re7
Bxb3 28. cxb3 b5 29. axb5 cxb5 30. R7e6 Rfd8 31. R1e3 a5 32. Rb6 a4 33. bxa4
bxa4 34. Rb2 a3 35. Ra2 Rdb8 36. Ree2 Rb3 37. Rec2 Rc8 38. Kg2 Rcxc3 39. Rxc3
Rxc3 40. d4 Rd3 41. Ra1 Rxd4 42. Rxa3 Rf4 43. Ra5 1/2-1/2

[Event "ODEM U25B 2013"]
[Site "Oberhof GER"]
[Date "2013.05.20"]
[Round "3"]
[White "Reif, Richard"]
[Black "Schilay, Eva"]
[Result "1-0"]
[Termination "normal"]
[Board "31"]
[WhiteElo "1016"]
[BlackElo "1223"]
[PlyCount "121"]
[WhiteFideId "12983764"]
[BlackFideId "12930164"]
[EventCountry "GER"]
[EventRounds "9"]
[EventType "swiss"]
[EventDate "2013.05.18"]

1. e4 e5 2. Nf3 Nc6 3. Nc3 Nf6 4. Bc4 Nxe4 5. Bxf7+ Kxf7 6. Nxe4 Be7 7. d4 d5
8. Neg5+ Bxg5 9. Bxg5 Qd6 10. dxe5 Nxe5 11. O-O Re8 12. Re1 Bg4 13. Nxe5+ Rxe5
14. Qxg4 Rae8 15. Rxe5 Rxe5 16. Bf4 Re4 17. Bxd6 Rxg4 18. Bxc7 Rc4 19. Bb8 Rxc2
20. Bxa7 Rxb2 21. g4 Rb4 22. h3 d4 23. Rd1 b6 24. Bxb6 Rxb6 25. Rxd4 Ra6 26. a4
Kf6 27. Kg2 Ke5 28. Rb4 Kf6 29. Kf3 Ra5 30. Ke4 Ke6 31. f4 Rc5 32. f5+ Kf6 33.
Kf4 h6 34. h4 Kf7 35. g5 h5 36. g6+ Kf6 37. Rb6+ Ke7 38. Kg5 Ra5 39. Rb7+ Kf8
40. Rb4 Rc5 41. Rf4 Ke7 42. Kxh5 Kf6 43. Kg4 Rc1 44. Rb4 Rg1+ 45. Kf4 Rf1+ 46.
Kg4 Rg1+ 47. Kh5 Ra1 48. Rb6+ Ke7 49. Re6+ Kd7 50. Re4 Rb1 51. Kg5 Rg1+ 52. Rg4
Rf1 53. h5 Rh1 54. a5 Ke7 55. Rh4 Rg1+ 56. Rg4 Rh1 57. a6 Kf8 58. a7 Ra1 59. f6
Ra5+ 60. Kh4 gxf6 61. h6 1-0

[Event "ODEM U25B 2013"]
[Site "Oberhof GER"]
[Date "2013.05.20"]
[Round "3"]
[White "Riedel, Adelheid"]
[Black "Lang, Thomas"]
[Result "0-1"]
[Termination "normal"]
[Board "32"]
[WhiteElo "846"]
[BlackElo "1210"]
[PlyCount "56"]
[BlackFideId "12982520"]
[EventCountry "GER"]
[EventRounds "9"]
[EventType "swiss"]
[EventDate "2013.05.18"]

1. e4 e6 2. Nf3 d5 3. e5 c5 4. d4 Nc6 5. c3 f6 6. exf6 Nxf6 7. Bg5 h6 8. Bh4
Qb6 9. b3 cxd4 10. cxd4 g5 11. Bg3 Ne4 12. Bd3 Qb4+ 13. Nbd2 Nxg3 14. hxg3 Bd7
15. Bg6+ Kd8 16. Ne5 Nxe5 17. dxe5 Rc8 18. Kf1 Kc7 19. Rc1+ Kb8 20. Rxc8+ Kxc8
21. Qc1+ Kb8 22. Qc2 Bc5 23. Ke2 Bb5+ 24. Bd3 Bxd3+ 25. Qxd3 Rf8 26. Nf3 g4 27.
Nd2 Rxf2+ 28. Kd1 Qd4 0-1

[Event "ODEM U25B 2013"]
[Site "Oberhof GER"]
[Date "2013.05.20"]
[Round "3"]
[White "Pahl, Theis"]
[Black "Steiner, Maximilian"]
[Result "0-1"]
[Termination "normal"]
[Board "33"]
[WhiteElo "839"]
[BlackElo "1195"]
[PlyCount "92"]
[WhiteFideId "16201264"]
[BlackFideId "16202201"]
[EventCountry "GER"]
[EventRounds "9"]
[EventType "swiss"]
[EventDate "2013.05.18"]

1. e4 e5 2. Nc3 Nf6 3. f4 d6 4. Nf3 Nc6 5. Be2 a6 6. d3 Be7 7. O-O O-O 8. Be3
Ng4 9. Qd2 Bd7 10. a3 f5 11. Rad1 fxe4 12. dxe4 Nxe3 13. Qxe3 Rxf4 14. Nd5 Rf8
15. Nd2 Nd4 16. Bd3 c6 17. Nxe7+ Qxe7 18. c3 Ne6 19. Qb6 Bc8 20. Bc4 Rd8 21.
Nb3 Kh8 22. Rf2 Nf4 23. g3 Nh3+ 24. Kg2 Nxf2 25. Kxf2 Rf8+ 26. Ke2 Bg4+ 27. Kd2
Qg5+ 28. Kc2 Bxd1+ 29. Kxd1 Qg4+ 30. Kc2 Qxe4+ 31. Bd3 Qg2+ 32. Nd2 Rf2 33. Qe3
Qxh2 34. c4 Rd8 35. Kc3 d5 36. Qg5 d4+ 37. Kc2 Rdf8 38. b4 Kg8 39. Be4 Qh6 40.
Qxh6 gxh6 41. Kd3 R8f7 42. g4 Rg7 43. Bf3 Rf7 44. Be4 R7f4 45. c5 Rxg4 46. Nc4
Rg3+ 0-1

[Event "ODEM U25B 2013"]
[Site "Oberhof GER"]
[Date "2013.05.20"]
[Round "3"]
[White "Karge, Ole Jannes"]
[Black "Weiten, Anna"]
[Result "1/2-1/2"]
[Termination "normal"]
[Board "35"]
[WhiteElo "1471"]
[BlackElo "1143"]
[PlyCount "88"]
[WhiteFideId "12957267"]
[BlackFideId "12938203"]
[EventCountry "GER"]
[EventRounds "9"]
[EventType "swiss"]
[EventDate "2013.05.18"]

1. e4 e5 2. Nf3 Nc6 3. d4 exd4 4. Nxd4 Bc5 5. Be3 Qf6 6. c3 Nge7 7. Bc4 Ne5 8.
Be2 d5 9. O-O O-O 10. f4 Nc4 11. Bxc4 dxc4 12. e5 Qg6 13. Kh1 Qe4 14. Re1 Bh3
15. Qf3 Qxf3 16. Nxf3 Bxe3 17. Rxe3 Bf5 18. Nbd2 b5 19. Nd4 a6 20. h3 c5 21.
N4f3 Nd5 22. Ree1 Nxf4 23. Nh4 Be6 24. Ne4 Nd3 25. Re2 Rfe8 26. Nd6 Re7 27. Nf3
Bd5 28. Rf1 Bxf3 29. Rxf3 Nxe5 30. Nxf7 Rxf7 31. Rxe5 Rxf3 32. gxf3 Rc8 33. Re6
Ra8 34. Rc6 Rf8 35. Kg2 Rf6 36. Rxf6 gxf6 37. f4 Kf7 38. Kf3 f5 39. h4 h5 40.
Ke3 Ke6 41. Ke2 b4 42. a3 a5 43. a4 Kd5 44. Kf3 Ke6 1/2-1/2

[Event "ODEM U25B 2013"]
[Site "Oberhof GER"]
[Date "2013.05.20"]
[Round "3"]
[White "Kurzweil, Nalani"]
[Black "Kung, Fanny"]
[Result "0-1"]
[Termination "normal"]
[Board "36"]
[WhiteElo "917"]
[BlackElo "1052"]
[PlyCount "96"]
[WhiteFideId "12985694"]
[BlackFideId "12987689"]
[EventCountry "GER"]
[EventRounds "9"]
[EventType "swiss"]
[EventDate "2013.05.18"]

1. e4 d5 2. exd5 Nf6 3. Nf3 Nxd5 4. Bc4 e6 5. d4 Nc6 6. Nc3 Bb4 7. Bd2 O-O 8.
O-O Nf6 9. a3 Ba5 10. b4 Bb6 11. a4 Nxb4 12. Ne2 Nc6 13. Bc3 a6 14. a5 Ba7 15.
Ne5 Nxe5 16. dxe5 Ne4 17. Rb1 Nxc3 18. Nxc3 Bd4 19. Qd3 Bxe5 20. Rfd1 Qxd3 21.
Rxd3 Bf6 22. Rbd1 b6 23. axb6 cxb6 24. Rb1 b5 25. Ba2 Bb7 26. h3 Rac8 27. Nd1
Rxc2 28. Bb3 Rcc8 29. Ne3 Be4 30. Rdd1 Bxb1 31. Rxb1 Rfd8 32. Bc2 Bg5 33. Be4
Rd4 34. Bb7 Rb8 35. Bxa6 b4 36. Nc2 Rd6 37. Bf1 b3 38. Ne3 Bxe3 39. fxe3 Rc6
40. Rb2 Rc2 41. Rb1 b2 42. Kh2 Rc1 43. Rxc1 bxc1=Q 44. Be2 Qxe3 45. Bg4 Qf4+
46. g3 Qf2+ 47. Kh1 Rb1+ 48. Bd1 Rxd1# 0-1

[Event "ODEM U25B 2013"]
[Site "Oberhof GER"]
[Date "2013.05.20"]
[Round "3"]
[White "Grund, Melanie"]
[Black "Breitzmann, Malte"]
[Result "1-0"]
[Termination "normal"]
[Board "37"]
[WhiteElo "1186"]
[BlackElo "886"]
[PlyCount "35"]
[WhiteFideId "12988804"]
[EventCountry "GER"]
[EventRounds "9"]
[EventType "swiss"]
[EventDate "2013.05.18"]

1. d4 d5 2. e3 Nf6 3. Bd3 e6 4. f4 c5 5. c3 Nc6 6. Nf3 Bd7 7. Nbd2 Bd6 8. O-O
Qc7 9. Ne5 g6 10. b3 Nh5 11. Bb2 cxd4 12. cxd4 f6 13. Nxg6 Rg8 14. Qxh5 hxg6
15. Bxg6+ Kf8 16. Qh6+ Rg7 17. Qh8+ Rg8 18. Qxf6# 1-0

[Event "ODEM U25B 2013"]
[Site "Oberhof GER"]
[Date "2013.05.20"]
[Round "3"]
[White "Lorf, Yannick"]
[Black "Kluge, Helene"]
[Result "0-1"]
[Termination "normal"]
[Board "38"]
[WhiteElo "913"]
[BlackElo "1020"]
[PlyCount "54"]
[BlackFideId "12983179"]
[EventCountry "GER"]
[EventRounds "9"]
[EventType "swiss"]
[EventDate "2013.05.18"]

1. c4 e5 2. Nc3 Nf6 3. d3 d5 4. b3 d4 5. Na4 Nc6 6. g3 b6 7. Bg2 Bb7 8. Nf3 Qe7
9. O-O O-O-O 10. Bg5 h6 11. Bd2 g5 12. Rc1 Nh7 13. e3 f5 14. Re1 e4 15. Nxd4
Nxd4 16. Bc3 Bg7 17. Bxd4 Bxd4 18. exd4 Rxd4 19. c5 Qf6 20. Rc3 Rxa4 21. bxa4
Qxc3 22. cxb6 axb6 23. dxe4 fxe4 24. Bxe4 Nf6 25. Bf5+ Kb8 26. Re3 Qc6 27. Re6
Qg2# 0-1

[Event "ODEM U25B 2013"]
[Site "Oberhof GER"]
[Date "2013.05.20"]
[Round "3"]
[White "Breitzmann, Thorge"]
[Black "Reuker, Ronja"]
[Result "0-1"]
[Termination "normal"]
[Board "39"]
[WhiteElo "1000"]
[BlackElo "870"]
[PlyCount "42"]
[BlackFideId "12947172"]
[EventCountry "GER"]
[EventRounds "9"]
[EventType "swiss"]
[EventDate "2013.05.18"]

1. d4 d5 2. c4 dxc4 3. e3 e5 4. Bxc4 Bf5 5. Qf3 Qc8 6. dxe5 Nc6 7. Bb3 Nxe5 8.
Qd5 Nd3+ 9. Kd2 Bb4+ 10. Nc3 Nh6 11. Nge2 O-O 12. e4 Nxf2 13. exf5 Rd8 14.
Qxd8+ Qxd8+ 15. Ke3 Bc5+ 16. Kf3 Qd3+ 17. Kf4 Qxf5+ 18. Kg3 Nxh1+ 19. Kh4 Be7+
20. Bg5 Bxg5+ 21. Kh5 g6# 0-1

[Event "ODEM U25B 2013"]
[Site "Oberhof GER"]
[Date "2013.05.20"]
[Round "3"]
[White "Bossert, Moritz"]
[Black "Lilienthal, Niels Bennett"]
[Result "0-1"]
[Termination "normal"]
[Board "40"]
[WhiteElo "879"]
[BlackElo "983"]
[PlyCount "70"]
[WhiteFideId "16239946"]
[BlackFideId "16205421"]
[EventCountry "GER"]
[EventRounds "9"]
[EventType "swiss"]
[EventDate "2013.05.18"]

1. d4 d5 2. c4 Nf6 3. Nf3 Bf5 4. g3 e6 5. Bg2 Nbd7 6. Bf4 c5 7. e3 Be4 8. O-O
Nb6 9. b3 Bd6 10. dxc5 Bxc5 11. Ne5 Bxg2 12. Kxg2 Nbd7 13. Nxd7 Qxd7 14. a3 Qc6
15. b4 dxc4+ 16. Kg1 Bb6 17. Qd6 Qxd6 18. Bxd6 Rd8 19. Bc5 Bxc5 20. bxc5 Rc8
21. Nc3 Rxc5 22. Rab1 b6 23. Rfe1 O-O 24. f4 Nd5 25. Nxd5 exd5 26. a4 c3 27.
Rec1 Re8 28. Rb5 Rxb5 29. axb5 Rxe3 30. Kf2 d4 31. g4 f6 32. h4 h6 33. Rc2 Re8
34. Kf3 Rd8 35. Rc1 d3 0-1

[Event "ODEM U25B 2013"]
[Site "Oberhof GER"]
[Date "2013.05.20"]
[Round "3"]
[White "Grimm, Nicola Marie"]
[Black "Granzin, Mina"]
[Result "1-0"]
[Termination "normal"]
[Board "41"]
[WhiteElo "967"]
[BlackElo "857"]
[PlyCount "37"]
[WhiteFideId "12988987"]
[EventCountry "GER"]
[EventRounds "9"]
[EventType "swiss"]
[EventDate "2013.05.18"]

1. d4 d5 2. Bf4 e6 3. Nf3 Be7 4. e3 c6 5. Bd3 Nf6 6. c3 O-O 7. Qc2 Nbd7 8. Nbd2
c5 9. Ng5 g6 10. Qd1 cxd4 11. exd4 b6 12. Qf3 Bb7 13. Qh3 Qc8 14. Be5 Qc6 15.
Nf1 Bd6 16. Bg3 Bxg3 17. hxg3 e5 18. Nxh7 Nxh7 19. Qxh7# 1-0

[Event "ODEM U25B 2013"]
[Site "Oberhof GER"]
[Date "2013.05.20"]
[Round "3"]
[White "Schulze, Lukas"]
[Black "Chung, Nicholas"]
[Result "1-0"]
[Termination "normal"]
[Board "42"]
[WhiteElo "858"]
[BlackElo "946"]
[PlyCount "43"]
[WhiteFideId "12956856"]
[EventCountry "GER"]
[EventRounds "9"]
[EventType "swiss"]
[EventDate "2013.05.18"]

1. e4 e5 2. Nf3 Nc6 3. Bc4 Nf6 4. d4 exd4 5. O-O Bc5 6. e5 d5 7. exf6 dxc4 8.
fxg7 Rg8 9. Qe2+ Be6 10. Ng5 Qd5 11. Nxh7 Rxg7 12. Nf6+ Kd8 13. Nxd5 Bxd5 14.
Re1 Rxg2+ 15. Kf1 Rg8 16. Bg5+ Kd7 17. Qd2 Bf3 18. Qf4 Bh5 19. Qf5+ Kd6 20.
Bf4+ Ne5 21. Qxe5+ Kd7 22. Qxc7# 1-0

[Event "ODEM U25B 2013"]
[Site "Oberhof GER"]
[Date "2013.05.20"]
[Round "3"]
[White "Vuckovic, Robert"]
[Black "Gazizov, Erik"]
[Result "1-0"]
[Termination "normal"]
[Board "43"]
[WhiteElo "944"]
[BlackElo "722"]
[PlyCount "89"]
[WhiteFideId "12998680"]
[BlackFideId "12951358"]
[EventCountry "GER"]
[EventRounds "9"]
[EventType "swiss"]
[EventDate "2013.05.18"]

1. e4 c5 2. Nc3 Nc6 3. f4 g6 4. Nf3 Bg7 5. Bc4 e6 6. e5 Nge7 7. d3 f5 8. exf6
Bxf6 9. Ne4 O-O 10. Nxc5 a6 11. d4 b5 12. Be2 d6 13. Ne4 d5 14. Nc5 Qd6 15. Be3
Rb8 16. g4 Bg7 17. Qd2 a5 18. f5 exf5 19. Bf4 Qf6 20. Bxb8 fxg4 21. Ne5 Nxb8
22. O-O-O b4 23. Rdf1 Nf5 24. Nxg4 Qb6 25. Na4 Qd6 26. Bd3 Nxd4 27. Rxf8+ Bxf8
28. Be2 Bf5 29. Qxd4 Bg7 30. Qe3 Nc6 31. Qe8+ Bf8 32. Nh6+ Kh8 33. Nf7+ Kg7 34.
Nxd6 Bxd6 35. Qxc6 Be5 36. Qxd5 Bc7 37. Rd1 Kh6 38. Qd4 Bxh2 39. Qh4+ Kg7 40.
Qxh2 h5 41. Rg1 Kh6 42. Bxh5 gxh5 43. Qf4+ Kh7 44. Qxf5+ Kh8 45. Qxh5# 1-0

[Event "ODEM U25B 2013"]
[Site "Oberhof GER"]
[Date "2013.05.20"]
[Round "3"]
[White "Zell, Mirjam"]
[Black "Uhlmann, Marie"]
[Result "0-1"]
[Termination "normal"]
[Board "44"]
[WhiteElo "820"]
[BlackElo "943"]
[PlyCount "108"]
[WhiteFideId "16208544"]
[BlackFideId "12980340"]
[EventCountry "GER"]
[EventRounds "9"]
[EventType "swiss"]
[EventDate "2013.05.18"]

1. e4 c5 2. Nf3 Nc6 3. Nc3 g6 4. Bc4 Bg7 5. d3 Nf6 6. Bg5 O-O 7. Bxf6 Bxf6 8.
Qd2 d6 9. Qf4 Bg7 10. Qh4 h6 11. Ne2 e6 12. g4 Qxh4 13. Nxh4 Ne5 14. Bb3 Bf6
15. Ng2 Nxg4 16. f3 Ne5 17. d4 Nxf3+ 18. Kd1 cxd4 19. Rf1 Nxh2 20. Rxf6 Ng4 21.
Rf3 Nh2 22. Rf4 e5 23. Rh4 Ng4 24. Kd2 g5 25. Rh5 Kh7 26. Rf1 Be6 27. Bxe6 fxe6
28. Rfh1 Rf6 29. Ng3 Rf2+ 30. Kd3 Kg6 31. Ne1 d5 32. R1h3 Rf4 33. b3 Nf2+ 34.
Ke2 Nxh3 35. Rxh3 dxe4 36. a4 Raf8 37. Nh1 a6 38. c4 d3+ 39. Ke3 Rd8 40. Ng2
Rf1 41. Nf2 d2 42. Ke2 Rxf2+ 43. Kxf2 d1=Q 44. b4 Rf8+ 45. Kg3 Qf3+ 46. Kh2 Qg4
47. Rg3 Qe2 48. c5 Qf1 49. Ne3 Qf2+ 50. Ng2 Rf3 51. Rg4 h5 52. Rxe4 Rg3 53. Re2
Rxg2+ 54. Kh1 Qg1# 0-1

[Event "ODEM U25B 2013"]
[Site "Oberhof GER"]
[Date "2013.05.20"]
[Round "3"]
[White "Moulart, Adrien"]
[Black "Reichel, Sara"]
[Result "1-0"]
[Termination "normal"]
[Board "45"]
[WhiteElo "930"]
[BlackElo "683"]
[PlyCount "69"]
[BlackFideId "16245130"]
[EventCountry "GER"]
[EventRounds "9"]
[EventType "swiss"]
[EventDate "2013.05.18"]

1. e4 c5 2. Nf3 Nc6 3. d4 cxd4 4. Nxd4 g6 5. Nc3 Bg7 6. Be3 Nf6 7. Bc4 e6 8. h3
O-O 9. O-O a6 10. Qd2 b5 11. Bb3 b4 12. Nce2 Rb8 13. f3 Re8 14. Rad1 Bf8 15.
Nxc6 Qc7 16. Nxb8 Qxb8 17. Bh6 Bd6 18. Qxd6 Qxd6 19. Rxd6 Bb7 20. Bg5 Nh5 21.
Rxd7 Bc6 22. Rc7 Bb5 23. c4 Bd7 24. Rxd7 Kg7 25. g4 Nf6 26. Bxf6+ Kxf6 27. Rfd1
e5 28. c5 h5 29. gxh5 gxh5 30. Bxf7 Rf8 31. R1d6+ Kg5 32. Rg6+ Kh4 33. Kg2 Rc8
34. Ng3 Rg8 35. Nf5# 1-0